Možnosti interdisciplinárneho a projektového vzdelávania na EUBA
Autori v príspevku prezentujú niektoré závažné poznatky a prekážky, ku ktorým dospeli pri experimentoch Obchodnej fakulty EU s interdisciplinárnym a projektovým vzdelávaním. Otvárajú tak odborný dialóg na hľadanie možností nového prístupu k progresívnym interdisciplinárnym a projektovým metódam pri...
Na minha lista:
| Autor principal: | |
|---|---|
| Outros Autores: | , |
| Formato: | Capítulo de Livro |
| Idioma: | eslovaco |
| Assuntos: | |
| Tags: |
Sem tags, seja o primeiro a adicionar uma tag!
|
MARC
| LEADER | 00000nla a2200000 4500 | ||
|---|---|---|---|
| 001 | 0159976 | ||
| 005 | 20240502072756.4 | ||
| 041 | 0 | |a slo | |
| 044 | |a SK | ||
| 245 | 1 | 0 | |a Možnosti interdisciplinárneho a projektového vzdelávania na EUBA |c Peter Filo, Jozef Orgonáš, Róbert Rehák |
| 500 | |a Projekt PIA: DE/11/LLP-LdV/TOI/147 402/ 2011-1-DE2-LEO05-08032 | ||
| 520 | |a Autori v príspevku prezentujú niektoré závažné poznatky a prekážky, ku ktorým dospeli pri experimentoch Obchodnej fakulty EU s interdisciplinárnym a projektovým vzdelávaním. Otvárajú tak odborný dialóg na hľadanie možností nového prístupu k progresívnym interdisciplinárnym a projektovým metódam pri vzdelávaní marketingových manažérov v korelácii s aktuálnymi požiadavkami podnikateľskej praxe. | ||
| 610 | 2 | 0 | |a vzdelávanie vysokoškolské |
| 610 | 2 | 0 | |a Ekonomická univerzita v Bratislave |
| 100 | 1 | |a Filo, Peter | |
| 700 | 1 | |a Orgonáš, Jozef, 1957- | |
| 700 | 1 | |a Rehák, Róbert, 1984- | |